000 01324namaa2200337 i 4500
003 EG-GICUC
005 20260204112333.0
008 260204s2020 ua ||||jr|||| 000 0 ara d
017 _a2019 / 19210
_bدار الكتب والوثاثق القومية (مصر)
020 _a9789771457961
040 _aEG-GiCUC
_bara
_cEG-GiCUC
_dEG-GiCUC
_erda
082 0 4 _221
_a306
_bB138
092 0 4 _221
_a306
_bB138
099 _a306 B138
100 1 _aالبدرى، محمد عبد الستار.
_eمؤلف.
245 _aازمتنا :
_bصراع الاصالة والاستنساخ /
_cمحمد عبد الستار البدرى
250 _aالطبعة الاولى.
264 _aالقاهرة :
_bدار نهضة مصر للنشر،
_c2020.
300 _a364 ؛ صفحة
_c20 سم.
_bإيضاحيات، صور، مثيليات ؛ Illustrations
336 _2rdacontent
_atext
337 _2rdamedia
_aUnmediated
338 _2rdacarrier
_avolume
504 _aBibliography: pages 200-250. 240-220 ببليوجرافيا: صفحات.
541 _aد. جابر عصفور ؛
_bالقاهرة ؛
_cإهداء ؛
_d2024.
650 1 7 _aالثقافة
_2qrmak
650 1 7 _aالتراث
_2qrmak
650 1 7 _aالحضارة الاسلامية
_2qrmak
651 1 _2qrmak
905 _aNoha
942 _2ddc
_cBK
_e21
_n0
999 _c178181
_d178181